00940nam a2200277Ia 450000500170000000800410001702000180005808200160007610000270009224500470011925000180016630000250018449000110020950000410022050501360026165000180039765000280041565000340044394200120047726400350048933600270052433700330055133800280058404000350061299900150064720220317001520.0161108s2010 s g 000 0 s  a978846632330704a155.7bP85p1 aPunset, Eduardod1936-10aPor qué somos como somoscEduardo Punset a1a. edición a295 páginasc19 cm aEnsayo aIncluye referencias bibliográficas aLos orígenes -- Evolución de las especies -- El niño y la capacidad de ser felices -- El sexo y el amor -- Cómo funcionamos142LEMBaCerebro142LEMBaNeuropsicología142LEMBaPsicología individual 2ddccBK aMadridbPunto de lecturac2010 atextobtxt2rdacontent asin mediaciónbn2rdamedia avolumenbnc2rdacarrier aCO-BoRNBPbspaerdacCO-BoRNBP c7218d7218